|
|
|
|
| LEADER |
02896nam a22003733i 4500 |
| 001 |
EBC6978216 |
| 003 |
MiAaPQ |
| 005 |
20231204023224.0 |
| 006 |
m o d | |
| 007 |
cr cnu|||||||| |
| 008 |
231204s2022 xx o ||||0 eng d |
| 020 |
|
|
|a 9789633864326
|q (electronic bk.)
|
| 035 |
|
|
|a (MiAaPQ)EBC6978216
|
| 035 |
|
|
|a (Au-PeEL)EBL6978216
|
| 035 |
|
|
|a (OCoLC)1334104078
|
| 040 |
|
|
|a MiAaPQ
|b eng
|e rda
|e pn
|c MiAaPQ
|d MiAaPQ
|
| 100 |
1 |
|
|a Bakkes, Jan.
|
| 245 |
1 |
0 |
|a Keeping the World's Environment under Review :
|b An Intellectual History of the Global Environment Outlook.
|
| 250 |
|
|
|a 1st ed.
|
| 264 |
|
1 |
|a Budapest :
|b Central European University Press,
|c 2022.
|
| 264 |
|
4 |
|c Ã2022.
|
| 300 |
|
|
|a 1 online resource (534 pages)
|
| 336 |
|
|
|a text
|b txt
|2 rdacontent
|
| 337 |
|
|
|a computer
|b c
|2 rdamedia
|
| 338 |
|
|
|a online resource
|b cr
|2 rdacarrier
|
| 505 |
0 |
|
|a Cover -- Front matter -- Title page -- Copyright page -- Contents -- List of Tables and Figures -- Preface -- Acknowledgements -- About the Authors -- Introduction to the book -- Chapter 1: Keeping the World's Environment Under Review -- Chapter 2: The Conceptual Framework of the Global Environment Outlook Reporting System -- Chapter 3: Collaboration and Participation in the Global Environment Outlook Process -- Chapter 4: Evolution of the Global Environment Outlook Reports 1-6, Including Their Use of the Integrated Environment Assessment Approach -- Chapter 5: Beyond DPSIR - Outlook and Other Major Aspects -- Chapter 6. Global Environmental Outlooks from Subglobal to Local: GEO's Multilevel, Multiscale Geographic Success -- Chapter 7: Global Environment Outlook Support Systems -- Chapter 8: Outreach to Stakeholders and Users -- Chapter 9. Global Perceptions and Influence of GEO -- Chapter 10: Regional Perceptions and Influence of GEO -- Chapter 11: Beyond GEO-6 -- Concluding Remarks -- Bibliography -- Annex I: The Evolution of UNEP Mandates for the Global Environment Outlook -- Annex II: GEO Collaborating Centres and other Contributing Institutions listed in GEO reports -- Annex III: Structure of GEOs-1 to 6 Reports -- Annex IV: GEO-related Reports -- Annex V: Acronyms and Abbreviations. -- Annex VI: List of Interviews -- Index -- Back cover.
|
| 588 |
|
|
|a Description based on publisher supplied metadata and other sources.
|
| 590 |
|
|
|a Electronic reproduction. Ann Arbor, Michigan : ProQuest Ebook Central, 2023. Available via World Wide Web. Access may be limited to ProQuest Ebook Central affiliated libraries.
|
| 655 |
|
4 |
|a Electronic books.
|
| 700 |
1 |
|
|a Cheatle, Marion.
|
| 700 |
1 |
|
|a Mzavanadze, Nora.
|
| 776 |
0 |
8 |
|i Print version:
|a Bakkes, Jan
|t Keeping the World's Environment under Review
|d Budapest : Central European University Press,c2022
|
| 797 |
2 |
|
|a ProQuest (Firm)
|
| 856 |
4 |
0 |
|u https://ebookcentral.proquest.com/lib/matrademy/detail.action?docID=6978216
|z Click to View
|